00277nam a22000977a 4500082001700000100002000017245008500037260003800122300001100160563000800171 a340.076bCHA aChaudhary, M.A. aLaw Objectives Par-II:bfor LLB, Judiciary & Competitive Exams /cM.A. Chaudhary aLahore :bNadeem Book Fort,cN.A. a264 p. aHB.